000 00864nam a2200217Ii 4500
003 JO-AjNU
008 230605s9999||||xx |||||||||||||| ||und||
017 _a37674
040 _aJO-AjNU
_bara
_erda
_cJO-AjNU
041 _aara
050 1 4 _aP211.A9312 2004
100 3 _aزالي,آن تاليف/ بيرثييه,آني م.مشارك/سليمان العيسى,سالم مترجم,
_eauthor
_912894
245 0 0 _aتاريخ الخط العربي وغيرة من الخطوط العالمية
250 _aط1
264 3 1 _aدمشق:الاوائل للنشروالتوزيع والخدمات,2004
300 _a128ص
_bمرفق من منشورات الاوائل
336 _atext
_btxt
_2rdacontent
337 _aunmediated
_bn
_2rdamedia
338 _avolume
_bnc
_2rdacarrier
650 4 _aتاريخ-الخط العربي-الخطوط العالمية
_912895
999 _aA3068
_c6636
_d6636